Cookie Run: Kingdom-ALL COOKIES (February 2026) - Statistics

General Stats
  • This quiz has been taken 2,278 times
    191 since last reset
  • The average score is 92 of 190
Answer Stats
Hint Answer % Correct
common Gingerbrave
97%
common Strawberry
95%
common Wizard
89%
common Muscle
87%
Ancient Pure Vanilla
81%
Ancient Golden Cheese
80%
Beast Shadow Milk
80%
Ancient White Lily
80%
Ancient Dark Cacao
79%
Beast Silent Salt
79%
Beast Eternal Sugar
78%
Ancient Hollyberry
78%
common Angel
77%
Beast Burning Spice
76%
Beast Mystic Flour
75%
legendary Timekeeper
74%
special SUGA
73%
special V
73%
common Beet
71%
legendary Moonlight
71%
common Ninja
71%
legendary Sea Fairy
71%
legendary Wind Archer
71%
legendary Fire Spirit
70%
Dragon Pitaya Dragon
70%
rare Blackberry
69%
legendary Frost Queen
69%
legendary Black Pearl
68%
rare Princess
67%
legendary Dark Enchantress
66%
epic Candy Apple
65%
rare Devil
65%
special Snapdragon
64%
epic Black Sapphire
63%
special Cream Ferret
63%
rare Knight
63%
legendary Millennial Tree
63%
rare Carrot
62%
legendary Sugar Swan
62%
rare Cherry
60%
epic Dark Choco
59%
legendary Stormbringer
59%
rare Onion
58%
epic Pavlova
58%
rare Clover
57%
special Marshmallow Bunny
57%
epic Mozzarella
57%
special Icicle Yeti
56%
rare Adventurer
55%
epic Creme Brulee
55%
super epic Oyster
55%
epic Sugarfly
55%
rare Avocado
54%
epic Burnt Cheese
54%
epic Lemon
54%
epic Lime
54%
epic Milk
54%
epic Orange
54%
super epic Venom Dough
54%
super epic Stardust
53%
super epic Clotted Cream
52%
super epic Elder Faerie
52%
epic Espresso
52%
epic Latte
52%
epic Raspberry
52%
epic Wildberry
52%
super epic Doughael
51%
epic Licorice
51%
epic Nutmeg Tiger
51%
epic Pomegranate
51%
super epic Sherbet
51%
rare Alchemist
50%
epic Cream Puff
50%
super epic Crimson Coral
50%
epic Mint Choco
50%
special Mira
50%
special Rumi
50%
epic Smoked Cheese
50%
special Zoey
50%
epic Ash Salt
49%
epic Caramel Arrow
49%
epic Chili Pepper
49%
epic Crunchy Chip
49%
epic Pom Pom Dough
49%
epic Red Velvet
49%
super epic Shining Glitter
49%
rare Gumball
48%
epic Matcha
48%
epic Poison Mushroom
48%
epic Black Lemonade
47%
epic Blueberry Pie
47%
epic Cotton
47%
epic Herb
47%
epic Mold Dough
47%
special Sonic
47%
super epic Capsaicin
46%
epic Linzer
46%
rare Pancake
46%
epic Silverbell
46%
special Tails
46%
epic Black Raisin
45%
rare Custard III
45%
epic Tiger Lily
45%
epic Black Forest
44%
epic Grapefruit
44%
epic Prune Juice
44%
epic Seltzer
44%
epic Wedding Cake
44%
epic Affogato
43%
epic Agar Agar
43%
epic Financier
43%
special Jung Kook
43%
epic Milky Way
43%
epic Almond
42%
epic Vampire
42%
super epic Camellia
41%
epic Cocoa
41%
Awaken Compassionate
41%
epic Mango
41%
epic Menthol
41%
epic Strawberry Crepe
41%
epic Frilled Jellyfish
40%
epic Green Tea Mousse
40%
epic Madeline
40%
epic Salt Cellar
40%
Dragon Ananas Dragon
39%
epic Cherry Blossom
39%
Awaken Dragon Lord
39%
epic Peach Blossom
39%
epic Rockstar
39%
epic Sorbet Shark
39%
Awaken Aegis
38%
epic Cloud Haetae
38%
epic Cream Unicorn
38%
epic Pudding a la mode
38%
epic Werewolf
38%
epic Captain Caviar
37%
epic Choco Drizzle
37%
Awaken Immortal
37%
special Jimin
37%
epic Rebel
37%
epic Sparkling
37%
epic Manju
36%
epic Olive
36%
epic Twizzly Gummy
36%
epic Jagae
35%
Dragon Longan Dragon
35%
epic Pastry
35%
epic Tea Knight
35%
epic Mala Sauce
34%
epic Parfait
34%
epic Butter Roll
33%
epic Caramel Choux
33%
epic Fig
33%
special Jin
33%
epic Mercurial Knight
33%
epic Peppermint
33%
epic Pumpkin Pie
33%
epic Rye
33%
epic Snow Sugar
33%
epic Space Doughnut
33%
epic Candy Diver
32%
Awaken Dawnbringer
32%
special J-Hope
32%
epic Lilac
32%
epic Squid Ink
32%
epic Cream Soda
31%
Dragon Lotus Dragon
31%
epic Red Osmanthus
31%
epic Street Urchin
31%
epic Star Coral
30%
epic Okchun
29%
epic Eclair
29%
epic Golden Osmanthus
29%
epic Kouign Amann
28%
Dragon Lychee Dragon
28%
epic Pinecone
28%
special RM
28%
epic Tarte Tatin
28%
epic Carol
27%
epic Moon Rabbit
27%
epic Purple Yam
27%
epic Fettucine
26%
epic Macaron
25%
epic Prophet
25%
epic Kumiho
24%
epic Royal Margarine
24%
epic Choco Werehound Brute
21%
epic Carcoal
7%
No matching quizzes found
Score Distribution
Percent of People with Each Score
Percentile by Number Answered
Your Score History
You have not taken this quiz since the last reset